Vista normal Vista MARC

Entrada Corporate Name

Número de registros utilizados en: 1

001 - CONTROL NUMBER

  • control field: 35955

003 - CONTROL NUMBER IDENTIFIER

  • control field: OSt

005 - DATE AND TIME OF LATEST TRANSACTION

  • control field: 20210311122139.0

008 - FIXED-LENGTH DATA ELEMENTS

  • fixed length control field: 210311|| aca||aabn | a|a d

040 ## - CATALOGING SOURCE

  • Original cataloging agency: OSt
  • Transcribing agency: OSt

110 ## - HEADING--CORPORATE NAME

  • Corporate name or jurisdiction name as entry element: Ingenio Manuelita
  • General subdivision: historia
  • Geographic subdivision: Cali (Colombia)

670 ## - SOURCE DATA FOUND

  • Source citation: Work cat.: (OSt): Zuluaga, Francisco Uriel, autor 35954, Manuelita 150 años / , 2015